[Event "EU Union-ch U10"]
[Site "Kouty nad Desnou"]
[Date "2023.08.24"]
[Round "9"]
[White "Kluska, David"]
[Black "Gawerska, Karolina"]
[Result "0-1"]
[WhiteElo "1210"]
[BlackElo "1027"]
[PlyCount "46"]
[EventDate "2023.08.16"]
[EventType "swiss"]
[EventRounds "9"]
[EventCountry "CZE"]
[SourceTitle "EXT 2024"]
[Source "ChessBase"]
[SourceDate "2023.10.10"]
[SourceVersion "1"]
[SourceVersionDate "2023.10.10"]
[SourceQuality "1"]

1. e4 c5 2. Nf3 Nc6 3. d4 cxd4 4. Nxd4 g6 5. c4 Bg7 6. Be3 d6 7. Nc3 Nf6 8. Be2 0-0 9. 0-0 Bd7 10. Qd2 Nxd4 11. Bxd4 Bc6 12. Nd5 Nxe4 13. Qd3 Nc5 14. Qd2 Ne6 15. Bxg7 Kxg7 16. Qc3+ Kg8 17. Ne3 Nf4 18. Bd3 d5 19. Ng4 f6 20. cxd5 Qxd5 21. Bc4 Ne2+ 22. Kh1 Nxc3 23. Bxd5+ Nxd5 0-1

[Event "EU Union-ch U10"]
[Site "Kouty nad Desnou"]
[Date "2023.08.23"]
[Round "8"]
[White "Broz, Pavel1111"]
[Black "Kluska, David"]
[Result "0-1"]
[WhiteElo "1262"]
[BlackElo "1210"]
[PlyCount "56"]
[EventDate "2023.08.16"]
[EventType "swiss"]
[EventRounds "9"]
[EventCountry "CZE"]
[SourceTitle "EXT 2024"]
[Source "ChessBase"]
[SourceDate "2023.10.10"]
[SourceVersion "1"]
[SourceVersionDate "2023.10.10"]
[SourceQuality "1"]

1. e4 e5 2. Nf3 Nc6 3. Bc4 Nf6 4. Ng5 d5 5. exd5 Na5 6. Bb5+ c6 7. dxc6 bxc6 8. Bd3 h6 9. Nf3 e4 10. Bxe4 Nxe4 11. Qe2 Qe7 12. 0-0 Nf6 13. Qxe7+ Bxe7 14. Re1 c5 15. d4 Be6 16. c3 0-0 17. dxc5 Bxc5 18. b4 Bxb4 19. cxb4 Nc6 20. b5 Nb4 21. Ba3 Nc2 22. Bxf8 Nxe1 23. Bb4 Nc2 24. Bc3 Nxa1 25. Bxa1 Bxa2 26. Nc3 Bc4 27. Nd2 Re8 28. Nf3 Rb8 0-1

[Event "SVK-ch U10"]
[Site "Stara Lubovna"]
[Date "2022.05.24"]
[Round "5"]
[White "Sotnik, Simon"]
[Black "Kluska, David"]
[Result "1/2-1/2"]
[WhiteElo "1038"]
[BlackElo "1069"]
[PlyCount "57"]
[EventDate "2022.05.21"]
[EventType "swiss"]
[EventRounds "9"]
[EventCountry "SVK"]
[SourceTitle "CBM 208 Extra"]
[Source "ChessBase"]
[SourceDate "2022.07.31"]
[SourceVersion "1"]
[SourceVersionDate "2022.07.31"]
[SourceQuality "1"]

1. d4 d5 2. c4 c6 3. Nc3 Bf5 4. Nf3 Nf6 5. h3 e6 6. Bg5 h6 7. Bh4 Bb4 8. cxd5 cxd5 9. Qa4+ Nc6 10. e3 a6 11. a3 Bxc3+ 12. bxc3 0-0 13. Ne5 Qd6 14. Nxc6 Qxc6 15. Qxc6 bxc6 16. Bxf6 gxf6 17. Be2 Be4 18. 0-0 Kh7 19. f3 Bf5 20. e4 dxe4 21. fxe4 Bxe4 22. Rxf6 Ra7 23. Rf4 f5 24. g4 Rg8 25. Bf3 Bd5 26. Bxd5 cxd5 27. Re1 Re7 28. Kh2 fxg4 29. hxg4 1/2-1/2

[Event "SVK-ch U10"]
[Site "Stara Lubovna"]
[Date "2022.05.21"]
[Round "1"]
[White "Toth, Mihaly1111"]
[Black "Kluska, David"]
[Result "0-1"]
[WhiteElo "1000"]
[BlackElo "1069"]
[PlyCount "72"]
[EventDate "2022.05.21"]
[EventType "swiss"]
[EventRounds "9"]
[EventCountry "SVK"]
[SourceTitle "CBM 208 Extra"]
[Source "ChessBase"]
[SourceDate "2022.07.31"]
[SourceVersion "1"]
[SourceVersionDate "2022.07.31"]
[SourceQuality "1"]

1. d4 d5 2. c4 c6 3. Nf3 Nf6 4. e3 Bf5 5. Nc3 e6 6. g3 Bb4 7. Bd2 0-0 8. Bg2 dxc4 9. Ne5 b5 10. Nxc6 Nxc6 11. Bxc6 Rb8 12. Nxb5 Qb6 13. Qf3 Bxd2+ 14. Kxd2 Qa5+ 15. Kc1 Rxb5 16. Bxb5 Qxb5 17. Rd1 c3 18. e4 Bxe4 19. Qxc3 Qe2 20. Rd2 Qe1+ 21. Rd1 Qxc3+ 22. bxc3 Nd5 23. Kb2 Rb8+ 24. Kc1 Nxc3 25. Re1 h6 26. Kd2 Rc8 27. Re3 Nb1+ 28. Kd1 Bf5 29. Re5 Nc3+ 30. Kd2 Ne4+ 31. Ke3 Rc3+ 32. Ke2 Bg4+ 33. Ke1 f5 34. Rxe6 Rc2 35. f4 Re2+ 36. Kd1 Rxa2+ 0-1

[Event "SVK-ch U08"]
[Site "Stara Lubovna"]
[Date "2021.06.29"]
[Round "5"]
[White "Tvrdy, Simon"]
[Black "Kluska, David"]
[Result "0-1"]
[WhiteElo "1000"]
[BlackElo "1086"]
[PlyCount "70"]
[EventDate "2021.06.26"]
[EventType "swiss"]
[EventRounds "9"]
[EventCountry "SVK"]
[SourceTitle "CBM 203 Extra"]
[Source "ChessBase"]
[SourceDate "2021.09.30"]
[SourceVersion "1"]
[SourceVersionDate "2021.09.30"]
[SourceQuality "1"]

1. e4 e5 2. Bc4 Nc6 3. Nf3 Be7 4. 0-0 Nf6 5. Nc3 0-0 6. d3 d6 7. Bg5 Bg4 8. h3 Bh5 9. g4 Bxg4 10. hxg4 Nxg4 11. Nh4 Bxg5 12. Nf5 Nf6 13. Nd5 g6 14. Qg4 Nxg4 15. Bb5 gxf5 16. f3 Ne3 17. Nxe3 Bxe3+ 18. Kg2 Qg5+ 19. Kh1 Nd4 20. Rg1 Bxg1 21. Rxg1 Qxg1+ 22. Kxg1 Nxb5 23. exf5 Kg7 24. c4 Nd4 25. b4 Nxf3+ 26. Kf2 Nd4 27. b5 a6 28. Ke3 axb5 29. Ke4 Rxa2 30. Kd5 bxc4 31. Kxc4 Ra4+ 32. Kd5 Rd8 33. f6+ Kxf6 34. Ke4 Nb3+ 35. Kd5 c6# 0-1

[Event "SVK-ch U08"]
[Site "Stara Lubovna"]
[Date "2021.06.26"]
[Round "1"]
[White "Slivka, Jakub"]
[Black "Kluska, David"]
[Result "0-1"]
[WhiteElo "1000"]
[BlackElo "1086"]
[PlyCount "32"]
[EventDate "2021.06.26"]
[EventType "swiss"]
[EventRounds "9"]
[EventCountry "SVK"]
[SourceTitle "CBM 203 Extra"]
[Source "ChessBase"]
[SourceDate "2021.09.30"]
[SourceVersion "1"]
[SourceVersionDate "2021.09.30"]
[SourceQuality "1"]

1. e4 e5 2. Nf3 Nc6 3. Nc3 Nf6 4. Bc4 Be7 5. d3 d6 6. 0-0 0-0 7. Bg5 Bg4 8. h3 Bh5 9. Nd5 Nxd5 10. exd5 Bxg5 11. Nxg5 Bxd1 12. Raxd1 Nd4 13. c3 Ne2+ 14. Kh1 Qxg5 15. Rde1 Nf4 16. Bb5 Qxg2# 0-1

[Event "SVK-ch U08"]
[Site "Lubovna"]
[Date "2020.08.19"]
[Round "6"]
[White "Kluska, David"]
[Black "Hnat, Samuel"]
[Result "1-0"]
[WhiteElo "1114"]
[BlackElo "1000"]
[PlyCount "31"]
[EventDate "2020.08.15"]
[EventType "tourn"]
[EventRounds "9"]
[EventCountry "SVK"]
[SourceTitle "EXT 2021"]
[Source "ChessBase"]
[SourceDate "2020.10.23"]
[SourceVersion "1"]
[SourceVersionDate "2020.10.23"]
[SourceQuality "1"]

1. e4 e5 2. Qh5 g6 3. Qxe5+ Be7 4. Qxh8 Bf8 5. Qxg8 Qe7 6. Nc3 d6 7. Nd5 Qd7 8. Nf6+ Ke7 9. Nxd7 Kxd7 10. Qxf8 Nc6 11. Nf3 g5 12. Qxf7+ Ne7 13. Be2 b6 14. Nxg5 Bb7 15. Bg4+ Kd8 16. Qf8# 1-0

[Event "SVK-ch U08"]
[Site "Lubovna"]
[Date "2020.08.18"]
[Round "5"]
[White "Pisarcik, Richard"]
[Black "Kluska, David"]
[Result "1-0"]
[WhiteElo "1172"]
[BlackElo "1114"]
[PlyCount "21"]
[EventDate "2020.08.15"]
[EventType "tourn"]
[EventRounds "9"]
[EventCountry "SVK"]
[SourceTitle "EXT 2021"]
[Source "ChessBase"]
[SourceDate "2020.10.23"]
[SourceVersion "1"]
[SourceVersionDate "2020.10.23"]
[SourceQuality "1"]

1. e4 e5 2. Nf3 Nc6 3. Bc4 Nf6 4. d4 d6 5. Bg5 Nxe4 6. Bxd8 Nxd8 7. dxe5 dxe5 8. Nxe5 Nf6 9. 0-0 Bd6 10. Re1 Bxe5 11. Rxe5+ 1-0

[Event "SVK-ch U08"]
[Site "Liptovsky Mikulas"]
[Date "2019.04.27"]
[Round "6"]
[White "Sun, Martin"]
[Black "Kluska, David"]
[Result "1-0"]
[WhiteElo "1034"]
[BlackElo "1000"]
[PlyCount "157"]
[EventDate "2019.04.23"]
[EventType "tourn"]
[EventRounds "9"]
[EventCountry "SVK"]
[SourceTitle "CBM 190 Extra"]
[Source "ChessBase"]
[SourceDate "2019.07.15"]
[SourceVersion "1"]
[SourceVersionDate "2019.07.15"]
[SourceQuality "1"]

1. e4 d5 2. exd5 Qxd5 3. Nc3 Qd8 4. d4 Nf6 5. Nf3 Nc6 6. Bb5 Bd7 7. Bg5 a6 8. Bxc6 Bxc6 9. Qe2 e6 10. Rd1 Bxf3 11. Qxf3 Rb8 12. Qe2 Bb4 13. 0-0 h6 14. Bh4 0-0 15. d5 Bxc3 16. bxc3 exd5 17. Bxf6 gxf6 18. Qg4+ Kh7 19. c4 c6 20. cxd5 cxd5 21. c4 Rc8 22. cxd5 Qc7 23. Rd4 Qc5 24. Rfd1 Rfe8 25. d6 Qa5 26. h3 Re1+ 27. Rxe1 Qxe1+ 28. Kh2 Rc1 29. d7 Qe5+ 30. Qf4 Qxf4+ 31. Rxf4 Rd1 32. Rxf6 Rxd7 33. g4 b5 34. Rxa6 Rd2 35. Kg3 b4 36. Ra7 Kg7 37. h4 Kg6 38. Kf3 h5 39. Ke3 Rd1 40. Ra6+ f6 41. Ra5 hxg4 42. Ra4 Rh1 43. h5+ Kxh5 44. Rxb4 Re1+ 45. Kf4 Ra1 46. a4 Rf1 47. Kg3 f5 48. Kg2 Rd1 49. a5 Ra1 50. Rb5 Kh4 51. Rxf5 Ra3 52. Kf1 g3 53. fxg3+ Kxg3 54. Ke2 Kg4 55. Rc5 Kf4 56. Kd2 Ke4 57. Rh5 Kd4 58. Kc2 Kc4 59. Kb2 Rb3+ 60. Kc2 Rd3 61. Rh4+ Rd4 62. Rxd4+ Kxd4 63. a6 Kc5 64. a7 Kb6 65. a8Q Kc5 66. Qa4 Kb6 67. Kc3 Kc5 68. Qb4+ Kd5 69. Qc4+ Ke5 70. Qd4+ Kf5 71. Kd3 Ke6 72. Ke4 Kf7 73. Qd6 Kg7 74. Qe6 Kf8 75. Kf5 Kg7 76. Qf6+ Kg8 77. Qe7 Kh8 78. Kg6 Kg8 79. Qg7# 1-0

[Event "SVK-ch U08"]
[Site "Liptovsky Mikulas"]
[Date "2019.04.26"]
[Round "5"]
[White "Zvoda, Marek"]
[Black "Kluska, David"]
[Result "0-1"]
[WhiteElo "1000"]
[BlackElo "1000"]
[PlyCount "30"]
[EventDate "2019.04.23"]
[EventType "tourn"]
[EventRounds "9"]
[EventCountry "SVK"]
[SourceTitle "CBM 190 Extra"]
[Source "ChessBase"]
[SourceDate "2019.07.15"]
[SourceVersion "1"]
[SourceVersionDate "2019.07.15"]
[SourceQuality "1"]

1. e4 d5 2. e5 d4 3. Bb5+ c6 4. Ba4 b5 5. Bb3 Nh6 6. Qf3 c5 7. Bxf7+ Nxf7 8. d3 Bb7 9. Nh3 Bxf3 10. Nf4 Nc6 11. Ne6 Qd5 12. Nxf8 Rxf8 13. c3 dxc3 14. Nxc3 Qxe5+ 15. Ne2 Qxe2# 0-1